Art de qualitat : subhasta Sala Parés (sobre) subhasta Sala Parés (sobre)
Descripción Física:
1 sobre ; 16 x 23 cm
Idioma:
Catalán
MARC
| LEADER | 00000nam a22000007a 4500 | ||
|---|---|---|---|
| 001 | 29163 | ||
| 003 | AGDB | ||
| 005 | 20260324181541.0 | ||
| 008 | 251222b spa||||| |||| 00| 0 cat d | ||
| 041 | |a cat | ||
| 245 | |a Art de qualitat : |b subhasta Sala Parés (sobre) | ||
| 260 | |a [Barcelona] |b Sala Parés, |c [s.a.] | ||
| 300 | |a 1 sobre ; |c 16 x 23 cm | ||
| 500 | |a Prové del fons Joan Junyer i Pascual (1909-1994) | ||
| 500 | |a Manuscrit: Sr. Sebastia i Carles Junyer ; carrer Trafalgar ; ciutat | ||
| 610 | 0 | |a Sala Parés |9 72861 | |
| 650 | 0 | |a Fons Joan Junyer i Pascual (1909-1994) |9 72777 | |
| 942 | |2 udc |c ARXIU |n 1 | ||
| 952 | |0 0 |1 0 |2 udc |4 0 |6 F504255 |7 1 |9 98841 |a Arxiu |b Arxiu |d 2025-12-22 |l 0 |o F-504-255 |p 29163 |r 2025-12-22 11:56:34 |w 2025-12-22 |y ARXIU | ||
| 999 | |c 130519 |d 130519 | ||